Представление документа в формате RUSMARC

ПолеНазваниеЗначение
  Тип записи a
  Библиографический уровень a
001 Контрольный номер UONB/MAIN/e170d86e9d4146d8be0f648e94edf6ba
005 Дата корректировки 20260426124644.3
100 Данные общей обработки __
a Данные общей обработки 20260418 ||| 0rusy0189 ca
101 Язык документа 0_
a Язык текста rus
102 Страна публикации __
a Страна публикации RU
200 Заглавие и сведения об ответственности 1_
a Заглавие Система сбора и отображения на цифровой карте местности результатов поиска взрывоопасных предметов для задач гуманитарного разминирования
f Первые сведения об ответственности В. Н. Ткач, В. А. Иванов
d Параллельное заглавие System for Collecting and Displaying the Results of Explosive Ordnance Disposal on a Digital Terrain Map for Humanitarian Demining Tasks
z Язык параллельного заглавия eng
203 Вид содержания и тип средства __
a Вид содержания Текст
b Характеристика содержания визуальный
c Тип средства непосредственный
215 Физическое описание __
c Иллюстрации/тип воспроизводства ил.
225 Серия 1_
a Серия Спецтехника
320 Библиография __
a Библиография Библиогр.: с. 72 (4 назв.)
330 Аннотация __
a Аннотация В целях автоматизации работ по гуманитарному разминированию местности разработана радиоканальная система сбора и обработки информации от поисковых средств. В состав системы входят специальные трекеры, мобильный пост сбора данных и региональный сервер. Трекерами оснащаются все поисковые средства. В режиме реального времени на удаленный пост сбора данных транслируются сигналы амплитуд поисковых средств и полные географические координаты исследуемой точки пространства.
461 Уровень набора _0
1 2000
a Защита информации. Инсайд
463 Уровень физической единицы _0
1 2000
a № 1 (127)
v С. 68-72
1 2101
d 2026
1 001UONB/MAIN/96296b5e750c43999054545b1984b11e
606 Тематические рубрики 0_
a Основная рубрика Информатика
606 Тематические рубрики 0_
a Основная рубрика Информатизация общества. Информационная политика
610 Ключевые слова 0_
a Ключевые слова взрывоопасные предметы
610 Ключевые слова 0_
a Ключевые слова гуманитарное разминирование
610 Ключевые слова 0_
a Ключевые слова микропроцессорный контролер
686 Индексы других классификаций __
2 Код системы rubbk
700 Автор _1
a Фамилия Ткач
b Имя (инициалы) В. Н.
g Полное личное имя Владимир Николаевич
p Наименование/ адрес организации АО "Группа Защиты-ЮТТА"
4 Код отношения 070
701 Альтернативная интеллектуальная ответственность _1
a Фамилия Иванов
b Имя (инициалы) В. А.
4 Код отношения 070
g Полное личное имя Владимир Анатольевич
p Наименование/ адрес организации АО "Группа Защиты-ЮТТА"
790 Имя лица - альтернативная форма _1
a Имя лица - альтернативная форма Tkach
b Имя (инициалы) V. N.
4 Код отношения 070
790 Имя лица - альтернативная форма _1
a Имя лица - альтернативная форма Ivanov
b Имя (инициалы) V. A.
4 Код отношения 070
c Титул (звания) PhD (Eng., Grand Doctor)
c Титул (звания) Full Professor
801 Источник записи _0
a Страна RU
b Организация Ульяновская ОНБ
c Дата составления 20260418
g Правила каталогизации RCR
801 Источник записи _1
a Страна RU
b Организация Ульяновская ОНБ
c Дата составления 20260418
g Правила каталогизации RCR
901 Тип документа __
t Тип документа b
w Контрольный № источника UONB/MAIN/96296b5e750c43999054545b1984b11e